Zdroje financovania rodinných podnikov ako súčasti MSP V SR

Identifikovanie pôvodu finančných zdrojov potrebných na financovanie rodinných podnikov ako súčasti MSP v slovenskom podnikateľskom prostredí. Výskumná činnost, ktorá indikovala, že podnikatelia pociťujú v oblasti získavania finančných zdrojov nedostatky a len veľmi málo rodinných podnikov sa uchád...

Ausführliche Beschreibung

Gespeichert in:
Bibliographische Detailangaben
1. Verfasser: Krošláková, Monika, 1975-
Format: Buchkapitel
Sprache:Slowakisch
Schlagworte:
Tags: Tag hinzufügen
Keine Tags, Fügen Sie das erste Tag hinzu!

MARC

LEADER 00000nla a2200000 4500
001 0159949
005 20240502072755.5
041 0 |a slo 
044 |a SK 
245 1 0 |a Zdroje financovania rodinných podnikov ako súčasti MSP V SR  |c Monika Krošláková 
520 |a Identifikovanie pôvodu finančných zdrojov potrebných na financovanie rodinných podnikov ako súčasti MSP v slovenskom podnikateľskom prostredí. Výskumná činnost, ktorá indikovala, že podnikatelia pociťujú v oblasti získavania finančných zdrojov nedostatky a len veľmi málo rodinných podnikov sa uchádza o akýkoľvek finančný zdroj z bánk alebo od štátu. 
610 2 0 |a podnik rodinný 
610 2 0 |a formy financovania 
610 2 0 |a zdroje finančné 
610 2 0 |a prostredie podnikateľské 
610 2 0 |a podnik stredný 
610 2 0 |a podnik malý 
100 1 |a Krošláková, Monika, 1975-